000 00742nam a2200241 i 4500
001 C2-0277612
003 PPAK
005 20180728005607.0
008 070122s2006 nyua|||| ||||| | eng d
020 _a0060884347
040 _aPPAK
_beng
_cPPAK
_erda
082 0 4 _a352.240973
_223
090 0 0 _a352.240973
_bREM
_dLCK
100 1 _aRemini, Robert V.,
_eauthor
245 1 4 _aThe house :
_bthe history of the house of representatives
264 1 _aNew York :
_bHarperCollins ,
_c2006
300 _ax, 614 pages. :
_billustrations ;
_c24 cm
336 _2rdacontent
_atext
337 _2rdamedia
_aunmediated
338 _2rdacarrier
_avolume
650 1 0 _aRepresentative government and representation - United States.
942 _ddc
_cB
999 _c84785
_d84785